000 00308nam a2200133Ia 4500
001 964
008 241024s9999 xx 000 0 und d
082 _aRD/370.97293/ID19c/2
100 _aIDEICE
245 0 _aConcepto y normativa
260 _bIDEICE
_c2010
901 _a13/12/2010 3:14:50 p.m.
999 _c9152
_d9152